Luiz Felipe Scolari's Brazil - Statistics

General Stats
  • This quiz has been taken 8 times
  • The average score is 51 of 103
Answer Stats
Rank Player Position Nationality Matches Goals Assists % Correct
2 David Luiz Centre-Back 26 2 1
100%
81 Diego Costa Centre-Forward 2 0 0
100%
46 Eduardo Costa Defensive Midfield 6 0 0
100%
11 Fred Centre-Forward 20 11 5
100%
17 Centre-Forward 17 5 1
100%
44 Kaká Attacking Midfield 7 1 1
100%
24 Lúcio Centre-Back 14 0 1
100%
1 Neymar Attacking Midfield 27 18 12
100%
19 Roberto Carlos Left-Back 16 2 2
100%
25 Ronaldinho Left Winger 13 3 4
100%
31 Ronaldo Centre-Forward 11 9 2
100%
10 Thiago Silva Centre-Back 20 2 2
100%
22 Cafu Right-Back 15 0 3
83%
12 Dani Alves Right-Back 20 1 1
83%
103 Daniel da Silva Defender 1 0 0
83%
49 Dida Goalkeeper 5 0 0
83%
60 Filipe Luís Left-Back 3 0 0
83%
23 Gilberto Silva Defensive Midfield 15 3 1
83%
8 Hulk Centre-Forward 23 3 3
83%
9 Marcelo Left-Back 21 0 5
83%
91 Mauro Silva Defensive Midfield 1 0 0
83%
93 Rafinha Right-Back 1 0 0
83%
18 Rivaldo Attacking Midfield 16 8 1
83%
80 Robinho Left Winger 2 1 1
83%
94 Adriano Left-Back 1 0 0
67%
47 Alex Attacking Midfield 6 2 1
67%
51 Alexandre Pato Centre-Forward 5 1 1
67%
73 André Santos Left-Back 2 0 0
67%
28 Emerson Defensive Midfield 12 0 0
67%
42 Fernandinho Defensive Midfield 7 2 0
67%
45 Fernando Defensive Midfield 7 0 0
67%
53 Guilherme Alves Centre-Forward 4 1 0
67%
34 Juan Centre-Back 10 0 1
67%
5 Júlio César Goalkeeper 23 0 0
67%
56 Juninho Pernambucano Attacking Midfield 4 0 1
67%
65 Kléber Left-Back 3 0 2
67%
29 Kléberson Central Midfield 12 2 5
67%
7 Luiz Gustavo Defensive Midfield 23 1 1
67%
38 Maicon Right-Back 9 1 1
67%
96 Rogério Ceni Goalkeeper 1 0 0
67%
36 Willian Left Winger 10 2 0
67%
84 Zé Roberto Left Midfield 1 0 0
67%
27 Bernard Left Winger 13 1 2
50%
26 Dante Centre-Back 13 2 0
50%
59 Dedé Centre-Back 3 1 0
50%
32 Edmílson Defensive Midfield 11 1 1
50%
52 Henrique Centre-Back 5 0 0
50%
13 Hernanes Attacking Midfield 19 1 0
50%
63 Jardel Centre-Forward 3 0 0
50%
30 Juliano Belletti Right-Back 12 1 1
50%
43 Júnior Left-Back 7 1 2
50%
92 Luís Fabiano Centre-Forward 1 0 0
50%
101 Marquinhos Centre-Back 1 0 0
50%
35 Maxwell Left-Back 10 0 3
50%
3 Oscar Attacking Midfield 26 7 6
50%
57 Paulo César Right Midfield 3 0 3
50%
21 Ramires Central Midfield 16 1 2
50%
88 Romário Centre-Forward 1 0 0
50%
15 Roque Júnior Centre-Back 17 0 0
50%
37 Ânderson Polga Centre-Back 9 3 0
33%
33 Cris Centre-Back 11 1 0
33%
14 Denilson Left Winger 19 3 4
33%
20 Edílson Centre-Forward 16 5 5
33%
87 Geovanni Attacking Midfield 1 0 0
33%
61 Jádson Attacking Midfield 3 0 1
33%
58 Jefferson Goalkeeper 3 0 0
33%
16 Juninho Paulista Attacking Midfield 17 2 0
33%
78 Leonardo Attacking Midfield 2 0 0
33%
55 Lucas Leiva Defensive Midfield 4 0 0
33%
90 Luisão Centre-Back 1 0 0
33%
6 Marcos Goalkeeper 23 0 0
33%
99 Miranda Centre-Back 1 0 0
33%
4 Paulinho Central Midfield 24 3 4
33%
74 Réver Centre-Back 2 1 0
33%
85 Serginho Left-Back 1 0 0
33%
39 Vampeta Central Midfield 9 0 0
33%
95 Victor Goalkeeper 1 0 0
33%
71 Alessandro Right-Back 2 0 0
17%
72 Diego Cavalieri Goalkeeper 2 0 0
17%
79 Djalminha Attacking Midfield 2 1 0
17%
69 Ewerthon Centre-Forward 2 0 0
17%
77 Fábio Rochemback Central Midfield 2 0 1
17%
68 Giovane Élber Centre-Forward 2 0 0
17%
50 Jean Defensive Midfield 5 0 1
17%
62 Leandro Damião Centre-Forward 3 1 0
17%
40 Lucas Moura Right Winger 9 1 2
17%
41 Luizão Centre-Forward 8 3 1
17%
82 Marcos Rocha Right-Back 2 0 0
17%
66 Marques Centre-Forward 3 0 0
17%
54 Ricardinho Attacking Midfield 4 0 0
17%
64 Washington Centre-Forward 3 1 0
17%
86 Antônio Carlos Zago Centre-Back 1 0 0
0%
97 Arouca Defensive Midfield 1 0 0
0%
98 Esquerdinha Attacking Midfield 1 0 1
0%
67 Euller Centre-Forward 3 1 0
0%
76 França Centre-Forward 2 0 0
0%
100 Leandro Moura Left Winger 1 1 0
0%
48 Marcelinho Paraíba Attacking Midfield 5 1 0
0%
102 Matheus Dória Centre-Back 1 0 0
0%
83 Osvaldo Right Winger 2 0 1
0%
75 Ralf Defensive Midfield 2 0 0
0%
89 Roger Machado Centre-Back 1 0 0
0%
70 Tinga Central Midfield 2 0 1
0%
No matching quizzes found
Score Distribution
Percent of People with Each Score
Percentile by Number Answered
Your Score History
You have not taken this quiz